000 00411nam a2200157 a 4500
005 20140310183209.0
008 030423s19uu xx 00 eng d
050 _aRG 600
_b.M54 1979
100 _aMiller, Herbert C.
245 _aFetal growth in humans /
_cHerbert C. Miller.
300 _a180 p. :
_bill. ;
_c21 cm.
521 _aNUR
650 _aFetus-
_vGrowth.
942 _cBK
_2lcc
_kFOR
999 _c20090
_d20090